000 01293nam a2200349 c 4500
003 BLK
005 20250730100820.0
008 180410b bul|||||r ||||||| ||bul||
010 _aKNG00162494000
020 _a978-954-09-0242-5
_bиздат.: Захарий Стоянов
040 _aBLK
041 _aBUL
_cBUL
072 7 _2bullib
_aН84
_xБългарска художествена литература Н
080 _aБългарска литература
_b821.163.2
_x-32
_z821.163.2-32
100 1 _aВазов, Иван Минчов
_eпърви автор
_9363396
139 _aВазов, Иван Минчов
_bВ 15
245 1 0 _aНемили-недраги
_cИван Минчов Вазов.
257 _aBGR
260 София
_bЗахарий Стоянов
_c2009
_fСофия : Образование и наука
300 _a395 с.
_c20 см
380 _aX
490 1 _aПоредица Българска класика
653 _aповести
653 _aразкази
659 _aН
852 _aЦб 269494
856 4 _qpdf
_u
856 4 _qpdf
_u
942 _cKNG
_n0
_076
944 _aCR
_c27.06.2014
_lЦветомила Тодорова
_k30576
944 _aED
_c30.08.2017
_lф /
_kЛюдмила_Стоянова
999 _c155766
_d155766